00604nam a2200193Ia 450000500170000000800460001703700120006304000200007504100130009508400230010810000270013124500200015826000550017830000130023365000140024694200230026099900210028395201060030420250508151914.0008 250505s9999 xx 000 0 eng d aTextual aFEDLbengcFEDL aeng2eng a301.158, KLEqFEDL aKlein Josephine989648 0aStudy of groups aLondon, UKbRoutledge and Kegan Paul Limitedc1956 aix,200p. aSociology cTEXLh301.158, KLE c1332854d1332854 00104070aFEDLbFEDLd2025-05-08l0o301.158, KLEpEL0014123r2025-05-08 15:19:14w2025-05-08yTEXL